América Central hacia el 2000 /
Na minha lista:
| Autor principal: | |
|---|---|
| Autor Corporativo: | |
| Outros Autores: | |
| Formato: | Texto |
| Publicado em: |
s.l.:
FLACSO
|
| Tags: |
Adicionar Tag
Sem tags, seja o primeiro a adicionar uma tag!
|
MARC
| LEADER | 00000 a a2200000 04500 | ||
|---|---|---|---|
| 001 | 22627 | ||
| 003 | |||
| 040 | |||
| 090 | |a 155000 | ||
| 100 | |a Torres Rivas, Edelberto | ||
| 110 | |a FLACSO | ||
| 245 | |a América Central hacia el 2000 / |c Edelberto Torres Rivas | ||
| 260 | |a s.l.: |b FLACSO | ||
| 300 | |a 19 p. | ||
| 700 | |a coord | ||
| 999 | |c 14791 |d 14791 | ||
